000 00504nam a22001817a 4500
999 _c4169
_d4126
008 200907b |o||| |||| 00| 0deng d
020 _a9786050901023
041 _atur
050 _aPL248.A5428
100 _91854
_aAkatlı, Zeynep Altıok
245 _aYıldız İzi : Anılar, Acılar, Yaşanmışlıklar
250 _a1.Baskı
260 _aİstanbul:
_bDoğan Kitap,
_cMayıs 2011
300 _a175 Sayfa
650 0 _9145
_aTürk Edebiyatı
650 0 _91768
_aAnı Biyografi
942 _2lcc
_cBK